00346nam a2200109Ia 450000500170000000800410001702000180005808200160007610000200009224500860011226000380019820250516145653.0250516s9999 xx 000 0 und d a9783035802894 a778.53bBAR aBarber, Stephen 0aProjectionists: Eadweard Muybridge And The Future Projections Of The Moving Image bUniversity of Chicago Pressc2020